000 00443nam a2200181Ia 4500
001 14880
005 20260306164946.0
008 260306t2012||||xx |||||||||||||| ||spa||
041 _aESP
082 _a519.5
_bG24A
100 _aGarcía Pérez, Alfonso
_eAUT
245 0 _aEstadítica aplicada:
_bconceptos básicos
260 _c2012
300 _a402 páginas :
_c24 cm.
650 _aGEN
654 _aCMA
942 _cLIB
_dJUS
_fJUS
_2ddc
_n
999 _c14880
_d14880